Vista normal Vista MARC

Entrada Personal Name

Número de registros utilizados en: 1

001 - CONTROL NUMBER

  • control field: 43925

003 - CONTROL NUMBER IDENTIFIER

  • control field: OSt

005 - DATE AND TIME OF LATEST TRANSACTION

  • control field: 20241120110256.0

008 - FIXED-LENGTH DATA ELEMENTS

  • fixed length control field: 241120|| aca||aabn | a|a d

040 ## - CATALOGING SOURCE

  • Original cataloging agency: OSt
  • Transcribing agency: OSt

100 ## - HEADING--PERSONAL NAME

  • Personal name: Rincon Parra, Yormary
  • Dates associated with a name: 1964-

670 ## - SOURCE DATA FOUND

  • Source citation: Work cat.: (OSt)38561: Rincon Parra, Yormary 1964- autor, Música para un bolero:









Instituto Departamental de Cultura del Meta - Red Departamental de Bibliotecas Públicas del Meta.